| 000 | 00703cam a2200253 4500 | ||
|---|---|---|---|
| 008 | 090401t1991 xxu||||| |||| 00| 0 eng d | ||
| 020 | _a0419153306 | ||
| 035 | _a(Sirsi) u50131 | ||
| 041 | _aeng | ||
| 050 |
_a692.5 _c18 |
||
| 245 | _aSpon's construction cost and price indices handbook. | ||
| 260 |
_aLondon _bE and F N Spon _c1991 |
||
| 300 |
_avi, 370p. _c24cm. |
||
| 350 | _a25 | ||
| 650 | _aBUILT ENVIRONMENT-BUILDING COSTS | ||
| 650 | _aINDICES | ||
| 650 | _aOUTPUT PRICE INDICES | ||
| 650 | _aTENDER PRICE INDICES | ||
| 690 | _aBUILT ENVIRONMENT-BUILDING COSTS | ||
| 700 |
_aFleming, Michael C. _xEditor |
||
| 700 |
_aTysoe, Brian A. _xEditor |
||
| 942 | _n0 | ||
| 948 | _c04/03/1997 | ||
| 999 |
_c92667 _d92667 |
||